|
|
|
|
| LEADER |
00812cam a2200253 7i4500 |
| 001 |
0000033873 |
| 005 |
20161116090000.0 |
| 007 |
##ta |
| 008 |
161116t20152015fr a b i000 0 eng d |
| 020 |
# |
# |
|a 9789264230613
|
| 040 |
# |
# |
|a YDXCP
|
| 090 |
0 |
0 |
|a M 336.89
|b IMP
|
| 245 |
0 |
0 |
|a Implemeting Good Regulatory Practice in Malaysia.
|
| 264 |
# |
4 |
|a ♭2015.
|
| 264 |
# |
1 |
|a Paris:
|b OECD,
|c 2015.
|
| 300 |
# |
# |
|a 132 pages:
|b illustrations;
|c 23cm.
|
| 336 |
# |
# |
|a text
|2 rdacontent
|
| 337 |
# |
# |
|a unmediated
|2 rdamedia
|
| 338 |
# |
# |
|a volume
|2 rdacarrier
|
| 504 |
# |
# |
|a Includes bibliographical references
|
| 650 |
# |
0 |
|a Industrial policy --
|z Malaysia
|
| 650 |
# |
0 |
|a Trade regulation --
|z Malaysia
|
| 710 |
2 |
# |
|a Organisation for Economic Co-operation and Development
|
| 999 |
|
|
|a B000038190
|b Book
|c Malaysia
|e Business Information Centre
|